Statistiques concernant Les députés de la XVIème législature (2022-)

Cliquez ici pour prendre le quiz!

Statistiques générales

  • Ce quiz a été pris 147 fois
    (140 depuis la dernière actualisation)
  • Le résultat moyen est 60 sur 599

Statistiques - réponses

CirconscriptionGroupe parlementaireDéputé(e)s% Correct
Pas-de-Calais 11ePrés. Rassemblement NationalMarine Le Pen
95%
Paris 9eÉcologiste – NupesSandrine Rousseau
78%
Val-de-Marne 10ePrés. La France insoumise – NupesMathilde Panot
77%
Alpes-Maritimes 1eLes RépublicainsEric Ciotti
73%
La Réunion 4eGauche démocrate et républicaine – NupesEmeline K/Bidi
70%
Calvados 6eRenaissanceElisabeth Borne
66%
Nord 20eGauche démocrate et républicaine – NupesFabien Roussel
66%
Val-de-Marne 3eLa France insoumise – NupesLouis Boyard
65%
Somme 1eLa France insoumise – NupesFrançois Ruffin
63%
Yvelines 5eRenaissanceYaël Braun-Pivet
61%
Seine-Saint-Denis 7eLa France insoumise – NupesAlexis Corbière
60%
Somme 4eRassemblement NationalJean-Philippe Tanguy
60%
Nord 1eNon inscrit (La France insoumise – Nupes)Adrien Quatennens
59%
Seine-Saint-Denis 11eLa France insoumise – NupesClémentine Autain
59%
Finistère 7eRenaissanceLiliana Tanguy
59%
Yvelines 10ePrés. RenaissanceAurore Bergé
58%
Val-de-Marne 7eLa France insoumise – NupesRachel Keke
58%
Marne 5eLibertés, Indépendants, Outre-mer et TerritoiresCharles De Courson
57%
Paris 17eLa France insoumise – NupesDanièle Obono
55%
Seine-Saint-Denis 5eLa France insoumise – NupesRaquel Garrido
55%
Maine-et-Loire 2eRenaissanceStella Dupont
55%
Val-de-Marne 6eRenaissanceGuillaume Gouffier-Cha
53%
Seine-et-Marne 11eSocialistes et apparentés - NupesOlivier Faure
53%
Haute-Garonne 10eRenaissanceDominique Faure
51%
Nord 19eRassemblement NationalSébastien Chenu
51%
Bouches-du-Rhône 4eLa France insoumise – NupesManuel Bompard
49%
Alpes-Maritimes 8eLes RépublicainsAlexandra Martin
48%
Ain 5eApp. RenaissanceDamien Abad
48%
Côte-d'Or 1eRenaissanceDidier Martin
48%
Isère 3eLa France insoumise – NupesÉlisa Martin
48%
Nord 10eRenaissanceGérald Darmanin
48%
Dordogne 1eLa France insoumise – NupesPascale Martin
48%
Lot 1eLes RépublicainsAurélien Pradié
47%
Eure-et-Loir 2ePrés. Les RépublicainsOlivier Marleix
46%
Puy-de-Dôme 5ePrés. Gauche démocrate et républicaine – NupesAndré Chassaigne
45%
Paris 5eÉcologiste – NupesJulien Bayou
43%
Puy-de-Dôme 2eSocialistes et apparentés - NupesChristine Pirès Beaune
42%
Paris 7eRenaissanceClément Beaune
42%
Oise 4eRenaissanceEric Woerth
40%
Seine-Saint-Denis 1eLa France insoumise – NupesEric Coquerel
39%
Landes 3ePrés. Socialistes et apparentés - NupesBoris Vallaud
36%
Meurthe-et-Moselle 6eLa France insoumise – NupesCaroline Fiat
36%
Hauts-de-Seine 10eRenaissanceGabriel Attal
36%
Essonne 8eNon inscritNicolas Dupont-Aignan
36%
Essonne 10eLa France insoumise – NupesAntoine Léaument
35%
Hérault 6eNon inscritEmmanuelle Ménard
35%
Gironde 5eRassemblement NationalGrégoire De Fournas
35%
Var 2eRassemblement NationalLaure Lavalette
35%
Ardèche 2eRenaissanceOlivier Dussopt
34%
Isère 1eRenaissanceOlivier Véran
34%
Nord 2eLa France insoumise – NupesUgo Bernalicis
34%
Somme 2eRenaissanceBarbara Pompili
31%
Val-de-Marne 2eLa France insoumise – NupesClémence Guetté
31%
Paris 6eLa France insoumise – NupesSophia Chikirou
31%
Val-d'Oise 8eLa France insoumise – NupesCarlos Martens Bilongo
30%
Haut-Rhin 3eHorizons et apparentésDidier Lemaire
30%
Essonne 6eSocialistes et apparentés - NupesJérôme Guedj
30%
Pyrénées-Atlantiques 3eNon inscritDavid Habib
28%
Français établis hors de France 8eApp. Les RépublicainsMeyer Habib
28%
Paris 18eLa France insoumise – NupesAymeric Caron
27%
Hauts-de-Seine 8eRenaissancePrisca Thevenot
27%
Lot-et-Garonne 2eRassemblement NationalHélène Laporte
25%
Yonne 3eRassemblement NationalJulien Odoul
25%
Seine-Maritime 6eGauche démocrate et républicaine – NupesSébastien Jumel
24%
Paris 1eRenaissanceSylvain Maillard
24%
Gers 1eRenaissanceJean-René Cazeneuve
23%
Corse-du-Sud 1ePrés. Horizons et apparentésLaurent Marcangeli
23%
Hauts-de-Seine 7eRenaissancePierre Cazeneuve
23%
Pyrénées-Atlantiques 6eDémocrate (MoDem et Indépendants)Vincent Bru
23%
Gironde 11eRassemblement NationalEdwige Diaz
22%
Hauts-de-Seine 11eLa France insoumise – NupesAurélien Saintoul
20%
Ariège 1eLa France insoumise – NupesBénédicte Taurine
20%
Paris 15eLa France insoumise – NupesDanielle Simonnet
20%
Deux-Sèvres 2eÉcologiste – NupesDelphine Batho
20%
Seine-Maritime 3eGauche démocrate et républicaine – NupesHubert Wulfranc
20%
Moselle 8eRassemblement NationalLaurent Jacobelli
20%
Français établis hors de France 1eRenaissanceRoland Lescure
20%
Paris 3eRenaissanceStanislas Guerini
20%
Tarn-et-Garonne 1eSocialistes et apparentés - NupesValérie Rabault
20%
Meuse 1ePrés. Libertés, Indépendants, Outre-mer et TerritoiresBertrand Pancher
19%
Pas-de-Calais 9eRassemblement NationalCaroline Parmentier
19%
Isère 2ePrés. Écologiste – NupesCyrielle Chatelain
19%
Nord 8eLa France insoumise – NupesDavid Guiraud
19%
Loir-et-Cher 1eDémocrate (MoDem et Indépendants)Marc Fesneau
19%
Seine-Saint-Denis 3eLa France insoumise – NupesThomas Portes
19%
Val-d'Oise 10eÉcologiste – NupesAurélien Taché
18%
Hauts-de-Seine 1eGauche démocrate et républicaine – NupesElsa Faucillon
18%
Ardèche 3eLes RépublicainsFabrice Brun
18%
Eure 4eSocialistes et apparentés - NupesPhilippe Brun
18%
Doubs 5eLes RépublicainsAnnie Genevard
17%
Calvados 2eSocialistes et apparentés - NupesArthur Delaporte
17%
Paris 2eRenaissanceGilles Le Gendre
17%
Vienne 2eRenaissanceSacha Houlié
17%
Loire-Atlantique 5eDémocrate (MoDem et Indépendants)Sarah El Hairy
17%
Seine-Saint-Denis 9eLa France insoumise – NupesAurélie Trouvé
16%
Bouches-du-Rhône 5eLa France insoumise – NupesHendrik Davi
16%
Val-d'Oise 4eHorizons et apparentésNaïma Moutchou
16%
Paris 12eRenaissanceOlivia Gregoire
16%
Finistère 4eRenaissanceSandrine Le Feur
16%
Seine-Saint-Denis 2eGauche démocrate et républicaine – NupesStéphane Peu
16%
Seine-Maritime 7eHorizons et apparentésAgnès Firmin Le Bodo
14%
Paris 14eRenaissanceBenjamin Haddad
14%
Pas-de-Calais 8eSocialistes et apparentés - NupesBertrand Petit
14%
Paris 8eÉcologiste – NupesEva Sas
14%
Français établis hors de France 7eDémocrate (MoDem et Indépendants)Frédéric Petit
14%
Pyrénées-Atlantiques 2ePrés. Démocrate (MoDem et Indépendants)Jean-Paul Mattei
14%
Yvelines 12eRenaissanceKarl Olive
14%
Côtes-d'Armor 3eLes RépublicainsMarc Le Fur
14%
Rhône 3eÉcologiste – NupesMarie-Charlotte Garin
14%
Val-de-Marne 4eDémocrate (MoDem et Indépendants)Maud Petit
14%
Français établis hors de France 5eApp. RenaissanceStéphane Vojetta
14%
Loiret 4eRassemblement NationalThomas Ménagé
14%
Seine-Maritime 4eLa France insoumise – NupesAlma Dufour
13%
Maine-et-Loire 3eLes RépublicainsAnne-Laure Blin
13%
Yvelines 8eÉcologiste – NupesBenjamin Lucas
13%
Côte-d'Or 3eRenaissanceFadila Khattabi
13%
Bas-Rhin 6eDémocrate (MoDem et Indépendants)Louise Morel
13%
Manche 1eLes RépublicainsPhilippe Gosselin
13%
Bouches-du-Rhône 13eGauche démocrate et républicaine – NupesPierre Dharréville
13%
Pas-de-Calais 7eLes RépublicainsPierre-Henri Dumont
13%
Dordogne 4eÉcologiste – NupesSébastien Peytavie
13%
Nord 17eRassemblement NationalThibaut Francois
13%
Nord 9eRenaissanceViolette Spillebout
13%
Gironde 4eSocialistes et apparentés - NupesAlain David
12%
Manche 4eSocialistes et apparentés - NupesAnna Pic
12%
Nord 3eLibertés, Indépendants, Outre-mer et TerritoiresBenjamin Saint-Huile
12%
Gironde 7eRenaissanceBérangère Couillard
12%
Bouches-du-Rhône 9eRassemblement NationalJoëlle Mélin
12%
Seine-Saint-Denis 10eLa France insoumise – NupesNadège Abomangoli
12%
Charente-Maritime 1eDémocrate (MoDem et Indépendants)Olivier Falorni
12%
Bas-Rhin 1eÉcologiste – NupesSandra Regol
12%
Vendée 4eNon inscritVéronique Besse
12%
Haut-Rhin 1eRenaissanceBrigitte Klinkert
11%
Alpes-Maritimes 6eRassemblement NationalBryan Masson
11%
Indre-et-Loire 1eÉcologiste – NupesCharles Fournier
11%
Seine-et-Marne 5eRenaissanceFranck Riester
11%
Eure-et-Loir 1eRenaissanceGuillaume Kasbarian
11%
Finistère 2eApp. Horizons et apparentésJean-Charles Larsonneur
11%
Bouches-du-Rhône 8eRenaissanceJean-Marc Zulesi
11%
Maine-et-Loire 4eRenaissanceLaëtitia Saint-Paul
11%
Alpes-de-Haute-Provence 2eLa France insoumise – NupesLéo Walter
11%
Gironde 3eLa France insoumise – NupesLoïc Prud'Homme
11%
Polynésie française 3eGauche démocrate et républicaine – NupesMoetai Brotherson
11%
Val-de-Marne 11eÉcologiste – NupesSophie Taillé-Polian
11%
Gironde 1eRenaissanceThomas Cazenave
11%
Oise 1eLes RépublicainsVictor Habert-Dassault
11%
Alpes-Maritimes 4eRassemblement NationalAlexandra Masson
10%
Paris 4eRenaissanceAstrid Panosyan-Bouvet
10%
Loiret 2eRenaissanceCaroline Janvier
10%
Finistère 8eDémocrate (MoDem et Indépendants)Erwan Balanant
10%
Haute-Garonne 4eLa France insoumise – NupesFrançois Piquemal
10%
Mayenne 1eSocialistes et apparentés - NupesGuillaume Garot
10%
Haute-Garonne 1eLa France insoumise – NupesHadrien Clouet
10%
Yvelines 2eDémocrate (MoDem et Indépendants)Jean-Noël Barrot
10%
Aisne 2eLes RépublicainsJulien Dive
10%
Val-de-Marne 5eRenaissanceMathieu Lefevre
10%
Hauts-de-Seine 13eRenaissanceMaud Bregeon
10%
Oise 7eLes RépublicainsMaxime Minot
10%
Yvelines 7eRenaissanceNadia Hai
10%
Hauts-de-Seine 4eÉcologiste – NupesSabrina Sebaihi
10%
Bouches-du-Rhône 7eLa France insoumise – NupesSébastien Delogu
10%
Haute-Savoie 4eLes RépublicainsVirginie Duby-Muller
10%
Loire-Atlantique 2eLa France insoumise – NupesAndy Kerbrat
8%
Haute-Garonne 7eLa France insoumise – NupesChristophe Bex
8%
Seine-Maritime 1eRenaissanceDamien Adam
8%
Vosges 2eApp. RenaissanceDavid Valence
8%
Hauts-de-Seine 9eRenaissanceEmmanuel Pellerin
8%
Côtes-d'Armor 5eRenaissanceEric Bothorel
8%
Moselle 4eLes RépublicainsFabien Di Filippo
8%
Seine-Saint-Denis 8eSocialistes et apparentés - NupesFatiha Keloua Hachi
8%
Hauts-de-Seine 2eÉcologiste – NupesFrancesca Pasquini
8%
Indre 1eHorizons et apparentésFrançois Jolivet
8%
Ille-et-Vilaine 1eLa France insoumise – NupesFrédéric Mathieu
8%
Rhône 6eLa France insoumise – NupesGabriel Amard
8%
Côtes-d'Armor 2eRenaissanceHervé Berville
8%
Hauts-de-Seine 12eDémocrate (MoDem et Indépendants)Jean-Louis Bourlanges
8%
Seine-Maritime 8eGauche démocrate et républicaine – NupesJean-Paul Lecoq
8%
Hautes-Alpes 2eRenaissanceJoel Giraud
8%
Drôme 3eÉcologiste – NupesMarie Pochon
8%
Morbihan 4eLibertés, Indépendants, Outre-mer et TerritoiresPaul Molac
8%
Français établis hors de France 4eRenaissancePieyre-Alexandre Anglade
8%
Loiret 6eDémocrate (MoDem et Indépendants)Richard Ramos
8%
Essonne 7eRenaissanceRobin Reda
8%
Paris 16eLa France insoumise – NupesSarah Legrain
8%
Loiret 1eRenaissanceStéphanie Rist
8%
Meurthe-et-Moselle 4eLes RépublicainsThibault Bazin
8%
Mayenne 3eApp. Horizons et apparentésYannick Favennec
8%
Moselle 7eRassemblement NationalAlexandre Loubet
7%
Bas-Rhin 5eRenaissanceCharles Sitzenstuhl
7%
Vosges 3eLibertés, Indépendants, Outre-mer et TerritoiresChristophe Naegelen
7%
Hauts-de-Seine 6eRenaissanceConstance Le Grip
7%
Guyane 2eGauche démocrate et républicaine – NupesDavy Rimane
7%
Meurthe-et-Moselle 5eSocialistes et apparentés - NupesDominique Potier
7%
Isère 9eDémocrate (MoDem et Indépendants)Elodie Jacquier-Laforge
7%
Corrèze 1eLes RépublicainsFrancis Dubois
7%
Nord 18eLibertés, Indépendants, Outre-mer et TerritoiresGuy Bricout
7%
Aisne 3eLibertés, Indépendants, Outre-mer et TerritoiresJean-Louis Bricout
7%
Haute-Loire 2eLes RépublicainsJean-Pierre Vigier
7%
Haute-Garonne 8eSocialistes et apparentés - NupesJoël Aviragnet
7%
Loire-Atlantique 4eÉcologiste – NupesJulie Laernoes
7%
La Réunion 2eGauche démocrate et républicaine – NupesKarine Lebon
7%
Ariège 2eLibertés, Indépendants, Outre-mer et TerritoiresLaurent Panifous
7%
Gironde 2eÉcologiste – NupesNicolas Thierry
7%
Haut-Rhin 5eRenaissanceOlivier Becht
7%
Guadeloupe 1eLibertés, Indépendants, Outre-mer et TerritoiresOlivier Serva
7%
Hérault 9eRenaissancePatrick Vignal
7%
Nord 14eHorizons et apparentésPaul Christophe
7%
Hauts-de-Seine 3eLes RépublicainsPhilippe Juvin
7%
Eure-et-Loir 4eDémocrate (MoDem et Indépendants)Philippe Vigier
7%
Ardennes 2eApp. Les RépublicainsPierre Cordier
7%
Lozère 1eLibertés, Indépendants, Outre-mer et TerritoiresPierre Morel A L'Huissier
7%
Haut-Rhin 4eLes RépublicainsRaphaël Schellenberger
7%
Paris 10eLa France insoumise – NupesRodrigo Arenas
7%
Bouches-du-Rhône 1eRenaissanceSabrina Agresti Roubache
7%
Loire-Atlantique 3eLa France insoumise – NupesSégolène Amiot
7%
Charente 1eHorizons et apparentésThomas Mesnier
7%
Ain 1eLes RépublicainsXavier Breton
7%
Français établis hors de France 11eRenaissanceAnne Genetet
6%
Marne 2eRassemblement NationalAnne-Sophie Frigout
6%
Haute-Savoie 2eRenaissanceAntoine Armand
6%
Seine-Saint-Denis 6eLa France insoumise – NupesBastien Lachaud
6%
Nord 21eLibertés, Indépendants, Outre-mer et TerritoiresBéatrice Descamps
6%
Pas-de-Calais 12eRassemblement NationalBruno Bilde
6%
Creuse 1eLa France insoumise – NupesCatherine Couturier
6%
Val-d'Oise 3eRenaissanceCécile Rilhac
6%
Maine-et-Loire 5eRenaissanceDenis Masseglia
6%
Côte-d'Or 5eRenaissanceDidier Paris
6%
Bas-Rhin 2eLa France insoumise – NupesEmmanuel Fernandes
6%
Doubs 2eRenaissanceEric Alauzet
6%
Seine-et-Marne 7eLa France insoumise – NupesErsilia Soudais
6%
Mayotte 1eLibertés, Indépendants, Outre-mer et TerritoiresEstelle Youssouffa
6%
Côte-d'Or 4eLes RépublicainsHubert Brigand
6%
Rhône 2eÉcologiste – NupesHubert Julien-Laferriere
6%
Territoire de Belfort 1eLes RépublicainsIan Boucard
6%
Pyrénées-Atlantiques 4eSocialistes et apparentés - NupesInaki Echaniz
6%
Savoie 4eLa France insoumise – NupesJean-François Coulomme
6%
Aisne 5eRassemblement NationalJocelyn Dessigny
6%
Eure 3eRassemblement NationalKévin Mauvieux
6%
Français établis hors de France 6eRenaissanceMarc Ferracci
6%
Essonne 9eRenaissanceMarie Guévenoux
6%
Savoie 1eDémocrate (MoDem et Indépendants)Marina Ferrari
6%
Loiret 3eRassemblement NationalMathilde Paris
6%
Paris 11eDémocrate (MoDem et Indépendants)Maud Gatel
6%
Finistère 6eSocialistes et apparentés - NupesMélanie Thomin
6%
La Réunion 3eLibertés, Indépendants, Outre-mer et TerritoiresNathalie Bassire
6%
Cher 2eGauche démocrate et républicaine – NupesNicolas Sansu
6%
Hérault 1eRenaissancePatricia Miralles
6%
Bas-Rhin 7eLes RépublicainsPatrick Hetzel
6%
Nièvre 1eDémocrate (MoDem et Indépendants)Perrine Goulet
6%
Oise 2eRassemblement NationalPhilippe Ballard
6%
Indre-et-Loire 5eDémocrate (MoDem et Indépendants)Sabine Thillaye
6%
Saint-Pierre-et-Miquelon 1eLibertés, Indépendants, Outre-mer et TerritoiresStéphane Lenormand
6%
Polynésie française 1eGauche démocrate et républicaine – NupesTematai Le Gayic
6%
Savoie 2eLes RépublicainsVincent Rolland
6%
Allier 1eGauche démocrate et républicaine – NupesYannick Monnet
6%
Rhône 7eLes RépublicainsAlexandre Vincendet
5%
Aube 3eRassemblement NationalAngélique Ranc
5%
Finistère 1eRenaissanceAnnaïg Le Meur
5%
Rhône 4eRenaissanceAnne Brugnera
5%
Val-d'Oise 9eLa France insoumise – NupesArnaud Le Gall
5%
Bas-Rhin 3eRenaissanceBruno Studer
5%
Charente 3eRassemblement NationalCaroline Colombier
5%
Paris 3eRenaissanceCaroline Yadan
5%
Haut-Rhin 5eRenaissanceCharlotte Goetschy-Bolognese
5%
Moselle 3eLa France insoumise – NupesCharlotte Leduc
5%
Nord 6eRenaissanceCharlotte Parmentier-Lecocq
5%
Alpes-de-Haute-Provence 1eRassemblement NationalChristian Girard
5%
Loir-et-Cher 3eRenaissanceChristophe Marion
5%
Paris 7eRenaissanceClara Chassaniol
5%
Ille-et-Vilaine 3eSocialistes et apparentés - NupesClaudia Rouaux
5%
Paris 13eRenaissanceDavid Amiel
5%
Français établis hors de France 2eRenaissanceEléonore Caroit
5%
Savoie 3eLes RépublicainsEmilie Bonnivard
5%
Bouches-du-Rhône 16eRassemblement NationalEmmanuel Tache de la Pagerie
5%
Nord 7eHorizons et apparentésFélicie Gérard
5%
Meuse 2eRassemblement NationalFlorence Goulet
5%
Bouches-du-Rhône 12eRassemblement NationalFranck Allisio
5%
Cher 1eRenaissanceFrançois Cormier Bouligeon
5%
Bas-Rhin 4eRenaissanceFrançoise Buffet
5%
Maine-et-Loire 1eHorizons et apparentésFrançois Gernigon
5%
Seine-et-Marne 2eHorizons et apparentésFrédéric Valletoux
5%
Corrèze 2eLes RépublicainsFrédérique Meunier
5%
Landes 1eDémocrate (MoDem et Indépendants)Geneviève Darrieussecq
5%
Indre-et-Loire 3eHorizons et apparentésHenri Alfandari
5%
Ardèche 1eSocialistes et apparentés - NupesHervé Saulignac
5%
Val-de-Marne 9eSocialistes et apparentés - NupesIsabelle Santiago
5%
La Réunion 5eLa France insoumise – NupesJean-Hugues Ratenon
5%
Morbihan 2eDémocrate (MoDem et Indépendants)Jimmy Pahun
5%
Jura 3eLes RépublicainsJustine Gruet
5%
Français établis hors de France 9eÉcologiste – NupesKarim Ben Cheïkh
5%
Moselle 6eRassemblement NationalKévin Pfeffer
5%
Ille-et-Vilaine 2eRenaissanceLaurence Maillart-Méhaignerie
5%
Vienne 1eÉcologiste – NupesLisa Belluco
5%
Moselle 2eRenaissanceLudovic Mendes
5%
Haute-Vienne 3eLa France insoumise – NupesManon Meunier
5%
Seine-Maritime 9eHorizons et apparentésMarie-Agnès Poussier-Winsback
5%
Jura 2eLes RépublicainsMarie-Christine Dalloz
5%
Vaucluse 4eApp. Rassemblement NationalMarie-France Lorho
5%
Essonne 4eRenaissanceMarie-Pierre Rixain
5%
Sarthe 2eSocialistes et apparentés - NupesMarietta Karamanli
5%
Ille-et-Vilaine 4eLa France insoumise – NupesMathilde Hignet
5%
Pyrénées-Orientales 4eRassemblement NationalMichèle Martinez
5%
Alpes-Maritimes 9eLes RépublicainsMichèle Tabarot
5%
Haute-Garonne 6eRenaissanceMonique Iborra
5%
Indre 2eLes RépublicainsNicolas Forissier
5%
Hautes-Alpes 1eRenaissancePascale Boyer
5%
Essonne 5eRenaissancePaul Midy
5%
Val-d'Oise 5eLa France insoumise – NupesPaul Vannier
5%
Var 4eRassemblement NationalPhilippe Lottiaux
5%
Charente-Maritime 4eRenaissanceRaphaël Gerard
5%
Loire-Atlantique 7eDémocrate (MoDem et Indépendants)Sandrine Josso
5%
Pyrénées-Orientales 1eRassemblement NationalSophie Blanc
5%
Manche 3eRenaissanceStéphane Travert
5%
Ille-et-Vilaine 6eHorizons et apparentésThierry Benoit
5%
Rhône 1eRenaissanceThomas Rudigoz
5%
Nord 10eRenaissanceVincent Ledoux
5%
Loire-Atlantique 9eRenaissanceYannick Haury
5%
Gard 1eRassemblement NationalYoann Gillet
5%
Seine-Maritime 7eHorizons et apparentésAgnès Carel
4%
Rhône 9eLes RépublicainsAlexandre Portier
4%
Oise 3eRassemblement NationalAlexandre Sabatou
4%
Isère 6eRassemblement NationalAlexis Jolly
4%
Français établis hors de France 10eRenaissanceAmélia Lakrafi
4%
Pyrénées-Orientales 2eRassemblement NationalAnaïs Sabatini
4%
Loire 2eLa France insoumise – NupesAndrée Taurinya
4%
Bouches-du-Rhône 14eRenaissanceAnne-Laurence Petel
4%
Haute-Garonne 2eLa France insoumise – NupesAnne Stambach-Terrenoir
4%
Seine-Maritime 2eRenaissanceAnnie Vidal
4%
Seine-et-Marne 1eDémocrate (MoDem et Indépendants)Aude Luquet
4%
Haut-Rhin 6eDémocrate (MoDem et Indépendants)Bruno Fuchs
4%
Yvelines 9eDémocrate (MoDem et Indépendants)Bruno Millienne
4%
Isère 8eRenaissanceCaroline Abadie
4%
Saône-et-Loire 4eSocialistes et apparentés - NupesCécile Untermaier
4%
Hauts-de-Seine 5eRenaissanceCéline Calvez
4%
Côtes-d'Armor 2eRenaissanceChantal Bouloux
4%
Orne 1eSocialistes et apparentés - NupesChantal Jourdan
4%
Yvelines 1eRenaissanceCharles Rodwell
4%
Guadeloupe 2eApp. Socialistes et apparentés - NupesChristian Baptiste
4%
Pas-de-Calais 6eRassemblement NationalChristine Engrand
4%
Aude 1eRassemblement NationalChristophe Barthès
4%
Français établis hors de France 1eRenaissanceChristopher Weissberg
4%
Bouches-du-Rhône 2eRenaissanceClaire Pitollat
4%
Haute-Vienne 1eLa France insoumise – NupesDamien Maudet
4%
Jura 1eRenaissanceDanielle Brulebois
4%
Gers 2eLibertés, Indépendants, Outre-mer et TerritoiresDavid Taupiac
4%
Guadeloupe 4eApp. Socialistes et apparentés - NupesElie Califer
4%
Val-d'Oise 1eRenaissanceEmilie Chandler
4%
Paris 12eRenaissanceFanta Berete
4%
Essonne 1eLa France insoumise – NupesFarida Amrani
4%
Var 6eRassemblement NationalFrank Giletti
4%
Calvados 6eRenaissanceFreddy Sertin
4%
Var 7eRassemblement NationalFrédéric Boccaletti
4%
Bouches-du-Rhône 3eRassemblement NationalGisèle Lelouis
4%
Finistère 5eRenaissanceGraziella Melchior
4%
Seine-et-Marne 8eRenaissanceHadrien Ghomi
4%
Rhône 14eLa France insoumise – NupesIdir Boumertit
4%
Seine-et-Marne 4eLes RépublicainsIsabelle Perigault
4%
Moselle 9eHorizons et apparentésIsabelle Rauch
4%
Haute-Loire 1eLes RépublicainsIsabelle Valentin
4%
Loire-Atlantique 6eÉcologiste – NupesJean-Claude Raux
4%
Haute-Corse 2eLibertés, Indépendants, Outre-mer et TerritoiresJean-Félix Acquaviva
4%
Seine-et-Marne 3eLes RépublicainsJean-Louis Thiériot
4%
Martinique 4eLa France insoumise – NupesJean-Philippe Nilor
4%
Guyane 1eGauche démocrate et républicaine – NupesJean-Victor Castor
4%
Isère 5eÉcologiste – NupesJérémie Iordanoff
4%
Bouches-du-Rhône 10eRassemblement NationalJosé Gonzalez
4%
Var 5eRassemblement NationalJulie Lechanteux
4%
Aude 3eRassemblement NationalJulien Rancoule
4%
Aveyron 2eLa France insoumise – NupesLaurent Alexandre
4%
Haute-Garonne 10eDémocrate (MoDem et Indépendants)Laurent Esquenet-Goxes
4%
Bouches-du-Rhône 6eRenaissanceLionel Royer-Perreaut
4%
Alpes-Maritimes 2eRassemblement NationalLionel Tivoli
4%
Marne 4eHorizons et apparentésLise Magnier
4%
Saône-et-Loire 5eRenaissanceLouis Margueritte
4%
Morbihan 5eRenaissanceLysiane Métayer
4%
Puy-de-Dôme 1eLa France insoumise – NupesMarianne Maximi
4%
Yvelines 4eRenaissanceMarie Lebec
4%
Haute-Corse 1eLibertés, Indépendants, Outre-mer et TerritoiresMichel Castellani
4%
Seine-et-Marne 9eRenaissanceMichèle Peyron
4%
Oise 6eRassemblement NationalMichel Guiniot
4%
Val-de-Marne 8eLes RépublicainsMichel Herbillon
4%
Gard 5eLa France insoumise – NupesMichel Sala
4%
Ille-et-Vilaine 8eSocialistes et apparentés - NupesMickaël Bouloux
4%
Côtes-d'Armor 4eLa France insoumise – NupesMurielle Lepvraud
4%
Gard 2eRassemblement NationalNicolas Meizonnet
4%
Allier 3eLes RépublicainsNicolas Ray
4%
Corse-du-Sud 2eLibertés, Indépendants, Outre-mer et TerritoiresPaul-André Colombani
4%
Var 8eRassemblement NationalPhilippe Schreck
4%
Oise 5eLes RépublicainsPierre Vatin
4%
Loir-et-Cher 2eRassemblement NationalRoger Chudeau
4%
Nord 11eSocialistes et apparentés - NupesRoger Vicot
4%
Ain 2eDémocrate (MoDem et Indépendants)Romain Daubié
4%
Rhône 13eRenaissanceSarah Tanzilli
4%
Hérault 4eLa France insoumise – NupesSébastien Rome
4%
Isère 1eRenaissanceServane Hugues
4%
Seine-Saint-Denis 4eGauche démocrate et républicaine – NupesSoumya Bourouaha
4%
Aube 2eLes RépublicainsValérie Bazin-Malgras
4%
Orne 2eLes RépublicainsVéronique Louwagie
4%
Nord 5eRassemblement NationalVictor Catteau
4%
Bas-Rhin 9eHorizons et apparentésVincent Thiebaut
4%
Marne 1eHorizons et apparentésXavier Albertini
4%
Somme 5eRassemblement NationalYael Menache
4%
Isère 7eLes RépublicainsYannick Neuder
4%
Français établis hors de France 3eRenaissanceAlexandre Holroyd
2%
Yonne 2eHorizons et apparentésAndré Villiers
2%
Haute-Savoie 5eHorizons et apparentésAnne-Cécile Violland
2%
Morbihan 1eHorizons et apparentésAnne Le Hénanff
2%
Lot-et-Garonne 3eRassemblement NationalAnnick Cousin
2%
Hérault 7eRassemblement NationalAurélien Lopez Liguori
2%
Seine-et-Marne 6eRassemblement NationalBéatrice Roullaud
2%
Moselle 1eRenaissanceBelkhir Belhaddad
2%
Manche 2eRenaissanceBertrand Sorre
2%
Nord 4eRenaissanceBrigitte Liso
2%
Meurthe-et-Moselle 1eRenaissanceCarole Grandjean
2%
Alpes-Maritimes 5eLes RépublicainsChristelle D'Intorni
2%
Calvados 4eDémocrate (MoDem et Indépendants)Christophe Blanchet
2%
Charente-Maritime 5eHorizons et apparentésChristophe Plassard
2%
Indre-et-Loire 2eRenaissanceDaniel Labaronne
2%
Puy-de-Dôme 4eDémocrate (MoDem et Indépendants)Delphine Lingemann
2%
Loire 4eLes RépublicainsDino Cinieri
2%
Drôme 4eLes RépublicainsEmmanuelle Anthoine
2%
Somme 3eLes RépublicainsEmmanuel Maquet
2%
Marne 3eRenaissanceEric Girardin
2%
Alpes-Maritimes 7eLes RépublicainsEric Pauget
2%
Val-d'Oise 6eDémocrate (MoDem et Indépendants)Estelle Folest
2%
Indre-et-Loire 4eRenaissanceFabienne Colboc
2%
Calvados 1eRenaissanceFabrice Le Vigoureux
2%
Gironde 10eRenaissanceFlorent Boudié
2%
Territoire de Belfort 2eLa France insoumise – NupesFlorian Chauche
2%
Saint-Martin/Saint-Barthélemy 1eDémocrate (MoDem et Indépendants)Frantz Gumbs
2%
Val-de-Marne 1eRenaissanceFrédéric Descrozaille
2%
La Réunion 6eGauche démocrate et républicaine – NupesFrédéric Maillot
2%
Gironde 7eDémocrate (MoDem et Indépendants)Frédéric Zgainski
2%
Mayenne 2eDémocrate (MoDem et Indépendants)Géraldine Bannier
2%
Seine-Maritime 5eSocialistes et apparentés - NupesGérard Leseul
2%
Val-d'Oise 2eRenaissanceGuillaume Vuilletet
2%
Vaucluse 3eRassemblement NationalHervé De Lépinau
2%
Haut-Rhin 2eDémocrate (MoDem et Indépendants)Hubert Ott
2%
Lot 2eRenaissanceHuguette Tiegna
2%
Pas-de-Calais 2eRenaissanceJacqueline Maquet
2%
Haute-Garonne 5eApp. Horizons et apparentésJean-François Portarrieu
2%
Vosges 4eLes RépublicainsJean-Jacques Gaultier
2%
Ardennes 3eLibertés, Indépendants, Outre-mer et TerritoiresJean-Luc Warsmann
2%
Charente-Maritime 3eRenaissanceJean-Philippe Ardouin
2%
Pas-de-Calais 5eRenaissanceJean-Pierre Pont
2%
Loire 6eLes RépublicainsJean-Pierre Taite
2%
Calvados 3eHorizons et apparentésJérémie Patrier-Leitus
2%
Ain 4eRassemblement NationalJérôme Buisson
2%
Seine-Saint-Denis 12eLa France insoumise – NupesJérôme Legavre
2%
Martinique 3eApp. Socialistes et apparentés - NupesJohnny Hajjar
2%
Vaucluse 1eRassemblement NationalJoris Hebrard
2%
Aisne 4eRassemblement NationalJosé Beaurain
2%
Saône-et-Loire 2eLes RépublicainsJosiane Corneloup
2%
Sarthe 1eRenaissanceJulie Delpech
2%
Eure 2eRassemblement NationalKatiana Levavasseur
2%
Haute-Marne 2eRassemblement NationalLaurence Robert-Dehault
2%
Puy-de-Dôme 3eDémocrate (MoDem et Indépendants)Laurence Vichnievsky
2%
Doubs 1eDémocrate (MoDem et Indépendants)Laurent Croizier
2%
Landes 2eRenaissanceLionel Causse
2%
Cher 3eHorizons et apparentésLoïc Kervran
2%
Loire-Atlantique 5eDémocrate (MoDem et Indépendants)Luc Geismar
2%
Eure-et-Loir 3eHorizons et apparentésLuc Lamirault
2%
Mayotte 2eLes RépublicainsMansour Kamardine
2%
Isère 4eSocialistes et apparentés - NupesMarie-Noëlle Battistel
2%
Meurthe-et-Moselle 3eLa France insoumise – NupesMartine Etienne
2%
Loire-Atlantique 8eLa France insoumise – NupesMatthias Tavel
2%
Guadeloupe 3eLibertés, Indépendants, Outre-mer et TerritoiresMax Mathiasin
2%
Lot-et-Garonne 1eRenaissanceMichel Lauzzana
2%
Côtes-d'Armor 1eDémocrate (MoDem et Indépendants)Mickaël Cosson
2%
Wallis et Futuna 1eRenaissanceMikaele Seo
2%
Drôme 1eRenaissanceMireille Clapot
2%
Bouches-du-Rhône 11eDémocrate (MoDem et Indépendants)Mohamed Laqhila
2%
Yvelines 6eRenaissanceNatalia Pouzyreff
2%
Hérault 2eLa France insoumise – NupesNathalie Oziol
2%
Rhône 8eLes RépublicainsNathalie Serre
2%
Aisne 1eRassemblement NationalNicolas Dragon
2%
Morbihan 3eRenaissanceNicole Le Peih
2%
Seine-et-Marne 5eRenaissanceParticia Lemoine
2%
Gard 3eRassemblement NationalPascale Bordes
2%
Vienne 3eDémocrate (MoDem et Indépendants)Pascal Lecamp
2%
Nièvre 2eRenaissancePatrice Perrot
2%
Gard 6eDémocrate (MoDem et Indépendants)Philippe Berta
2%
Maine-et-Loire 7eDémocrate (MoDem et Indépendants)Philippe Bolo
2%
Nouvelle-Calédonie 1eRenaissancePhilippe Dunoyer
2%
Pas-de-Calais 4eRenaissancePhilippe Fait
2%
Alpes-Maritimes 3eHorizons et apparentésPhilippe Pradal
2%
Hérault 1eRenaissancePhilippe Sorez
2%
Nord 15eRassemblement NationalPierrick Berteloot
2%
Saône-et-Loire 3eRenaissanceRémy Rebeyrotte
2%
Gironde 9eDémocrate (MoDem et Indépendants)Sophie Mette
2%
Haute-Vienne 2eSocialistes et apparentés - NupesStéphane Delautrette
2%
Bas-Rhin 8eHorizons et apparentésStéphanie Kochert
2%
Hérault 8eLa France insoumise – NupesSylvain Carriere
2%
Hautes-Pyrénées 1eLa France insoumise – NupesSylvie Ferrer
2%
Pas-de-Calais 10eRassemblement NationalThierry Frappé
2%
Rhône 10eRenaissanceThomas Gassilloud
2%
Haute-Savoie 1eRenaissanceVéronique Riotton
2%
Moselle 5eLes RépublicainsVincent Seitlinger
2%
Seine-Maritime 10eRenaissanceXavier Batut
2%
Var 1eRenaissanceYannick Chenevard
2%
Essonne 3eRenaissanceAlexis Izard
1%
Charente-Maritime 2eDémocrate (MoDem et Indépendants)Anne-Laure Babault
1%
Loiret 5eRenaissanceAnthony Brosse
1%
Loire 5eLes RépublicainsAntoine Vermorel-Marques
1%
Haute-Saône 1eRassemblement NationalAntoine Villedieu
1%
Deux-Sèvres 1eApp. RenaissanceBastien Marchive
1%
Saône-et-Loire 1eRenaissanceBenjamin Dirx
1%
Côte-d'Or 2eRenaissanceBenoît Bordat
1%
Hautes-Pyrénées 2eRenaissanceBenoit Mournet
1%
Haute-Garonne 9eÉcologiste – NupesChristine Arrighi
1%
Eure 1eRassemblement NationalChristine Loir
1%
Haute-Marne 1eRassemblement NationalChristophe Bentz
1%
Hauts-de-Seine 10eRenaissanceClaire Guichard
1%
Rhône 12eDémocrate (MoDem et Indépendants)Cyrille Isaac-Sibille
1%
Sarthe 4eLa France insoumise – NupesElise Leboucher
1%
Haute-Saône 2eRassemblement NationalEmeric Salmon
1%
Pas-de-Calais 1eRassemblement NationalEmmanuel Blairy
1%
Meurthe-et-Moselle 2eRenaissanceEmmanuel Lacresse
1%
Loire 3eDémocrate (MoDem et Indépendants)Emmanuel Mandon
1%
Gironde 6eRenaissanceEric Poulliat
1%
Landes 1eDémocrate (MoDem et Indépendants)Fabien Lainé
1%
Pyrénées-Atlantiques 5eDémocrate (MoDem et Indépendants)Florence Lasserre
1%
Tarn 1eRassemblement NationalFrédéric Cabrolier
1%
Aude 2eRassemblement NationalFrédéric Falcon
1%
Doubs 4eRassemblement NationalGéraldine Grangier
1%
Deux-Sèvres 3eRenaissanceJean-Marie Fiévet
1%
Morbihan 6eRenaissanceJean-Michel Jacques
1%
Dordogne 3eDémocrate (MoDem et Indépendants)Jean-Pierre Cubertafon
1%
Tarn 3eRenaissanceJean Terlier
1%
Orne 3eLes RépublicainsJérôme Nury
1%
Aube 1eRassemblement NationalJordan Guitton
1%
Pyrénées-Atlantiques 1eDémocrate (MoDem et Indépendants)Josy Poueyto
1%
Tarn 2eLa France insoumise – NupesKaren Erodi
1%
Ardèche 2eRenaissanceLaurence Heydel Grillere
1%
Ardennes 1eRenaissanceLionel Vuibert
1%
Loir-et-Cher 1eDémocrate (MoDem et Indépendants)Mathilde Desjonquères
1%
Nord 16eRassemblement NationalMatthieu Marchio
1%
Seine-et-Marne 10eLa France insoumise – NupesMaxime Laisney
1%
Loire-Atlantique 1eRenaissanceMounir Belhamiti
1%
Nouvelle-Calédonie 2eRenaissanceNicolas Metzdorf
1%
Doubs 3eRenaissanceNicolas Pacquot
1%
Vienne 4eDémocrate (MoDem et Indépendants)Nicolas Turquois
1%
Maine-et-Loire 6eRenaissanceNicole Dubre Chirat
1%
Ain 3eRenaissanceOlga Givernet
1%
La Réunion 7eLa France insoumise – NupesPerceval Gaillard
1%
Vendée 1eDémocrate (MoDem et Indépendants)Philippe Latombe
1%
La Réunion 1eApp. Socialistes et apparentés - NupesPhilippe Naillet
1%
Vendée 5eRenaissancePierre Henriet
1%
Gard 4eRassemblement NationalPierre Meurin
1%
Loire 1eRenaissanceQuentin Bataillon
1%
Bouches-du-Rhône 15eRassemblement NationalRomain Baubry
1%
Charente 2eRenaissanceSandra Marsaud
1%
Pyrénées-Orientales 3eRassemblement NationalSandrine Dogor-Such
1%
Gironde 8eRenaissanceSophie Panonacle
1%
Vendée 3eRenaissanceStéphane Buchou
1%
Vosges 1eLes RépublicainsStéphane Viry
1%
Polynésie française 2eGauche démocrate et républicaine – NupesSteve Chailloux
1%
Cantal 1eLes RépublicainsVincent Descoeur
1%
Yvelines 11eLa France insoumise – NupesWilliam Martinet
1%
Yvelines 2eDémocrate (MoDem et Indépendants)Anne Bergantz
0%
Yvelines 2eDémocrate (MoDem et Indépendants)Anne Grignon
0%
Vendée 2eHorizons et apparentésBéatrice Bellamy
0%
Yvelines 3eRenaissanceBéatrice Piron
0%
Vaucluse 2eRassemblement NationalBénédicte Auzanot
0%
Calvados 5eRenaissanceBertrand Bouyx
0%
Rhône 5eDémocrate (MoDem et Indépendants)Blandine Brocard
0%
Haute-Savoie 3eLes RépublicainsChristelle Petex-Levet
0%
Nord 13eRenaissanceChristine Decodts
0%
Ille-et-Vilaine 5eRenaissanceChristine Le Nabour-Cloarec
0%
Haute-Garonne 3eRenaissanceCorinne Vignon
0%
Yonne 1eRassemblement NationalDaniel Grenon
0%
Finistère 3eRenaissanceDidier Le Gac
0%
Val-d'Oise 7eRenaissanceDominique Da Silva
0%
Sarthe 3eDémocrate (MoDem et Indépendants)Eric Martineau
0%
Sarthe 5eRenaissanceJean-Carles Grelier
0%
Vaucluse 5eRenaissanceJean-François Lovisolo
0%
Aveyron 3eRenaissanceJean-François Rousset
0%
Ille-et-Vilaine 7eApp. Les RépublicainsJean-Luc Bourgeaux
0%
Rhône 11eRenaissanceJean-Luc Fugit
0%
Pas-de-Calais 3eGauche démocrate et républicaine – NupesJean-Marc Tellier
0%
Cantal 2eLes RépublicainsJean-Yves Bony
0%
Martinique 1eGauche démocrate et républicaine – NupesJiovanny William
0%
Allier 2eRassemblement NationalJorys Bovet
0%
Hérault 3eRenaissanceLaurence Cristol
0%
Drôme 2eRassemblement NationalLisette Pollet
0%
Martinique 2eGauche démocrate et républicaine – NupesMarcellin Nadeau
0%
Tarn-et-Garonne 2eRassemblement NationalMarine Hamelet
0%
Isère 10eRenaissanceMarjolaine Meynier-Millefert
0%
Nord 12eRassemblement NationalMichaël Taverne
0%
Essonne 2eRassemblement NationalNathalie Da Conceicao Carvalho
0%
Gironde 12eRenaissancePascal Lavergne
0%
Meurthe-et-Moselle 1eRenaissancePhilippe Guillemard
0%
Dordogne 2eRassemblement NationalSerge Muller
0%
Loire-Atlantique 10eRenaissanceSophie Errante
0%
Aveyron 1eRenaissanceStéphane Mazars
0%
Var 3eRassemblement NationalStephane Rambaud
0%
Hérault 5eRassemblement NationalStéphanie Galzy
0%
Eure 5eRassemblement NationalTimothée Houssin
0%
Haute-Savoie 6eRenaissanceXavier Roseren
0%

Distribution des résultats

Percentile par nombre de réponses

% des personnes avec chaque résultat

Votre développement - résultats

Vous n’avez pas pris ce quiz depuis la dernière actualisation